000 00845nam a22002657a 4500
001 9947
003 FISKH
005 20260319092549.0
008 260319b cb ||||| |||| 00| 0 eng d
040 _aFISKH
_beng
_cFISKH
_dFISKH
050 _aPZ7
082 _a398.8
100 _aMoroney, Trace
_eAuthor
245 _aPat-a-cake, pat-a-cake /
_cEngaging illustrations by Trace Moroney
260 _aChichester :
_bThe Five Mile Press ,
_c2010
300 _a8 unnumbered pages :
_bcolor illustrations ;
_c14 cm
505 _aE
520 _aThese enchanting series of 3D board books features the beautiful illustrative artwork of Trace Moroney
521 8 _a200
_bLexile estimate
521 8 _aE
_bRaz-Plus
650 _aBoard book
_vBaking
650 _aChildren's book
_vNursery rhymes
942 _2ddc
_cBK
_n0
999 _c9947
_d9947